000 00656nam a2200253Ia 4500
003 OSt
005 20220918165312.0
006 a|||||r|||| 00| 0
007 ta
008 220917b |||||||| |||| 00| 0 eng d
020 _a186373497X
024 _a36,431
037 _cTextual
040 _aARTS
_cARTS
_beng
041 _2eng
_aeng
082 _aO111,3N50,1, N1
100 _aCastro Brian
_923642
245 0 _aDouble wolf
260 _aVictoria
_bAllen And Unwin Australia
_c1991
300 _a226p.
_ccm.
650 _aENGLISH LITERATURE
942 _hO111,3N50,1, N1
_cTEXL
_2CC
999 _c129173
_d129173